000 00739cab a2200253 4500
001 WB3040-83
008 090401t1994 xxu||||| |||| 00| 0 eng d
035 _a(Sirsi) u76074
041 _aeng
245 _aIreland: Urban Renewal Scheme
260 _c1994
350 _a0
490 _aIrish Times
_v26 October 1994, 27(2)
520 _aDiscusses the final part of the Urban Renewal Scheme in Ireland, announcing incentives for businesses to set up in six new enterprise areas, in Dublin, Cork and Galway.
650 _aCORK
650 _aDUBLIN
650 _aENTERPRISE AREAS
650 _aGALWAY
650 _aIRELAND
650 _aURBAN RENEWAL SCHEME
690 _aURBAN RENEWAL
942 _n0
948 _c04/03/1997
999 _c47867
_d47867